| 000 -ლიდერი |
| ფიქსირებული სიგრძის საკონტროლო ველი |
01023nam a2200241Ia 4500 |
| 001 - საკონტროლო ნომერი |
| საკონტროლო ველი |
8236 |
| 003 - საკონტროლო ნომრის იდენტიფიკატორი |
| საკონტროლო ველი |
GE_BSU |
| 005 - ბოლო ოპერაციის თარიღი და დრო |
| საკონტროლო ველი |
20240410164825.0 |
| 008 - ფიქსირებული სიგრძის მონაცემთა ელემენტები - ზოგადი ინფორმაცია |
| ფიქსირებული სიგრძის საკონტროლო ველი |
181216s2009||||ge |||||||||||||| ||geo|| |
| 040 ## - კატალოგიზაციის წყარო |
| Transcribing agency |
GE_BSU |
| 041 ## - ენის კოდი |
| Language code of text/sound track or separate title |
geo |
| 080 ## - უნივერსალური ათობითი კლასიფიკაციის ინდექსი |
| Universal Decimal Classification number |
338.48(479.22) დ–23 |
| 245 ## - ცნობა სათაურის შესახებ |
| Title |
დასვენება სოფლად = Cootry Holiday in Georgia : |
| Remainder of title |
[მეგზური] / |
| Statement of responsibility, etc |
ასოციაცია "ელკანა". |
| 264 ## - წარმოების, გამოცემის, დისტრიბუციის და სხვა ცნობები |
| გამოცემის, წარმოების, დისტრიბუციის... ადგილი |
თბილისი : |
| გამოცემის, წარმოების, დისტრიბუციის... სახელწოდება |
ასოციაცია "ელკანა, |
| გამოცემის, წარმოების, დისტრიბუციის... თარიღი |
2009. |
| 300 ## - ფიზიკური აღწერა |
| Extent |
64 გვ. : |
| Other physical details |
ილ. ; |
| Dimensions |
17 სმ. |
| 500 ## - ზოგადი შენიშვნა |
| General note |
აწერილია ყდის მიხედვით |
| 546 ## - LANGUAGE NOTE |
| Language note |
ტექსტი ქართულ და ინგლისურ ენებზე |
| 653 ## - INDEX TERM--UNCONTROLLED |
| Uncontrolled term |
დასვენება სოფლად |
| 653 ## - INDEX TERM--UNCONTROLLED |
| Uncontrolled term |
ტურიზმი სოფლად |
| 653 ## - INDEX TERM--UNCONTROLLED |
| Uncontrolled term |
სოფლის ტურიზმი საქართველოში |
| 942 ## - ADDED ENTRY ELEMENTS (KOHA) |
| Koha item type |
წიგნი |
| Source of classification or shelving scheme |
|